LEADER 01276nam a2200277 i 4500 001 000000127556 003 CaOOAMICUS 005 20250825125337.0 008 040621s1964 it u000 u ita u 013 $a100266 040 $aSeMil$bita 100 1 $aDickens, Charles,$d<1812-1870>.$0(OLS)http://semarc/name/6853 240 10$aOliver Twist :$bor, the parish boy's progress.$0(OLS)http://semarc/title/439864 245 10$aOliver Twist. David Copperfield /$cCharles Dickens ; a cura di Arturo Carbonetto. 264 1$aFirenze :$bLa Nuova Italia,$c1964. 300 $aXIII, 340 p., [4] p. di tav. ;$c18 cm. 490 1 $aPrimo scaffale ;$v1 700 1 $aCarbonetto, Arturo.$0(OLS)http://semarc/name/46101 730 42$aThe personal history, adventures, experience and observation of David Copperfield...$0(OLS)http://semarc/title/439863 830 0$aPrimo scaffale ;$v1.$0(OLS)http://semarc/title/14490 850 $aSeMil 852 $aSeMil$W1$xVenegono$y1$m64 30 1 *$j81840$B81840$CSeMilBibl$Z2$F84081 $81 961 $aRecupero: Biblioteca Seminario Liceale 996 $6245$aOliver Twist. David Copperfield$9(OLS)http://semarc/title/188264 996 $6264$aFirenze :$bLa Nuova Italia$9(OLS)http://semarc/publisher/30055 LEADER 01195nam a2200265 i 4500 001 000000129927 003 CaOOAMICUS 005 20170827000000.0 008 170827s2002 xxu u000 u eng u 013 $a102660 020 $a0-385-49717-2 040 $aSeMil$bita 100 1 $aBlenkinsopp, Joseph <1927- >.$0(OLS)http://semarc/name/90443 245 10$aIsaiah 40-55 :$ba new translation with introduction and commentary /$cJoseph Blenkinsopp. 260 $aNew York [etc.] :$bDoubleday,$c2002. 300 $axvii, 411 p. ;$c24 cm. 490 0 $aThe Anchor Bible ;$v19.A 650 4$aBibbia. Antico Testamento. Isaia - Commentari, studi, critica, interpretazioni.$0(OLS)http://semarc/subject/111 830 4$aThe Anchor Bible ;$v19.A.$0(OLS)http://semarc/title/472 850 $aSeMil 852 $aSeMil$W1$xVenegono$y1$mSL1.R II 19A$j84013$B84013$CSeMilBibl$Z2$F87591 $8I 961 $aSottoscrizione: DEA 996 $6020$a0-385-49717-2$9(OLS)http://semarc/number/116754 996 $6245$aIsaiah 40-55 :$ba new translation with introduction and commentary$9(OLS)http://semarc/title/191576 996 $6260$aNew York [etc.] :$bDoubleday$9(OLS)http://semarc/publisher/31192